| 000 | 01390nam a2200445 a 4500 | ||
|---|---|---|---|
| 003 | AR-BaBNM | ||
| 005 | 20251128205914.0 | ||
| 008 | 082120s2002 ||||||||||||||000 | spa|| | ||
| 020 | _a950-14-0952-X | ||
| 040 | _cAR-BaBNM | ||
| 110 | 1 | _aArgentina | |
| 240 | 1 | 0 | _aCódigo Procesal Civil y Comercial |
| 245 | 0 | 0 | _aCódigo procesal civil y comercial de la nación y normas complementarias |
| 250 | _a23ª ed. | ||
| 260 |
_aBuenos Aires _bDepalma _c1997 |
||
| 300 | _axiv, 336 p. | ||
| 500 | _aNormas de la ley 17.454, reformadas por la ley 22.434 según fe de errats del Boletín Oficial del 1/7/81 y de las disposiciones complementarias ordenadas, actualizadas y anotadas por el Dr. Antonio José Giangrasso | ||
| 521 | _aPRIMARIO | ||
| 650 | 4 | _aENSEÑANZA DE LA LECTURA | |
| 650 | 4 | _aDERECHO CIVIL | |
| 650 | 4 | _aDERECHO COMERCIAL | |
| 650 | 4 | _aCOMERCIO | |
| 650 | 4 | _aPROCEDIMIENTO CIVIL | |
| 650 | 4 | _aCODIGOS | |
| 650 | 4 | _aPROCEDIMIENTO JUDICIAL | |
| 650 | 4 | _aRECURSOS | |
| 650 | 4 | _aJUICIOS | |
| 650 | 4 | _aPRUEBAS | |
| 650 | 4 | _aSENTENCIAS | |
| 650 | 4 | _aARBITRAJE | |
| 650 | 4 | _aCORTE SUPREMA | |
| 650 | 4 | _aDERECHO SUCESORIO | |
| 650 | 4 | _aLEGISLACION | |
| 650 | 4 | _aLEGISLACION ARGENTINA | |
| 653 | _aLIBROS DE LECTURA | ||
| 653 | _aENSEÑANZA DE LA LENGUA | ||
| 700 | 1 |
_aGiangrasso, Antonio José _ecoordinador |
|
| 942 | _cBK | ||
| 998 | _cCarmen | ||
| 999 |
_c13234 _d13234 |
||